Länder Westafrikas zuordnen - Statistiken

Allgemein
  • Dieses Quiz wurde 97 mal gespielt
  • Das Durchschnittsergebnis liegt bei 12 aus 16
Antworten auf der Karte
Die Antworten werden auf der Karte rot bzw. grün angezeigt, abhängig davon wie oft sie richtig erraten wurden.
 
Antwortstatistiken
Antwort % Korrekt
Niger
86%
Senegal
84%
Mauretanien
81%
Kap Verde
80%
Nigeria
80%
Elfenbeinküste
78%
Togo
78%
Burkina Faso
75%
Gambia
75%
Guinea
75%
Mali
75%
Ghana
72%
Benin
69%
Liberia
67%
Guinea-Bissau
66%
Sierra Leone
63%
Keine übereinstimmenden Quizze gefunden
Verteilung der Resultate
Anzahl Personen mit jedem Resultat
Perzentil nach korrekt beantworteten Fragen
Ihre Resultats-Entwicklung
Sie haben dieses Quiz noch nicht gespielt